Spatial ecological-economic analysis for wetland management : Modeling and scenarion evaluation of land use
World wetlands are endangered by human activities and development in all parts of the world. This book approaches the study of wetlands management and development policy by using integrated ecosystem modelling that draws on insights from hydrology, ecology and economics.
Wedi'i Gadw mewn:
| Prif Awdur: | |
|---|---|
| Fformat: | Llyfr |
| Iaith: | Undetermined |
| Cyhoeddwyd: |
Cambridge
Cambridge University Press
2004
|
| Pynciau: | |
| Tagiau: |
Ychwanegu Tag
Dim Tagiau, Byddwch y cyntaf i dagio'r cofnod hwn!
|
| Thư viện lưu trữ: | Trung tâm Học liệu Trường Đại học Cần Thơ |
|---|
| LEADER | 01074nam a2200229Ia 4500 | ||
|---|---|---|---|
| 001 | CTU_116891 | ||
| 008 | 210402s9999 xx 000 0 und d | ||
| 020 | |c 203 | ||
| 082 | |a 333.918 | ||
| 082 | |b B497 | ||
| 100 | |a Bergh, Jeroen C. J. M. van den | ||
| 245 | 0 | |a Spatial ecological-economic analysis for wetland management : | |
| 245 | 0 | |b Modeling and scenarion evaluation of land use | |
| 245 | 0 | |c Jeroen C. J. M. van den Bergh, Aat Barendregt, Alison J. Gilbert | |
| 260 | |a Cambridge | ||
| 260 | |b Cambridge University Press | ||
| 260 | |c 2004 | ||
| 520 | |a World wetlands are endangered by human activities and development in all parts of the world. This book approaches the study of wetlands management and development policy by using integrated ecosystem modelling that draws on insights from hydrology, ecology and economics. | ||
| 650 | |a Wetland management,Environmental economics,Quản lý đầm lầy | ||
| 650 | |x Economic aspects,Khía cạnh kinh tế | ||
| 904 | |i lan anh, Giang | ||
| 980 | |a Trung tâm Học liệu Trường Đại học Cần Thơ | ||